Statystyki dla Zgadnij co to za postać z Miraculous | Część #3

Kliknij tutaj aby rozwiązać quiz!

Ogólne statystyki

  • Ten quiz został rozwiązany 37 razy
  • Średni wynik to 8 z 16

Statystyki odpowiedzi

Odpowiedź% Poprawnych
Félix Fathom
96%
André
91%
André Bourgeois
91%
Alix Kubdel
74%
Amélie Graham de Vanily
57%
Ochroniarz Adriena
57%
Jagged Stone
43%
Tomoe Tsurugi
43%
Denis Damocles
35%
Anarka Couffaine
30%
Caline Bustier
30%
Roger Raincomprix
30%
Jean-Pierre Monlataing
22%
Lokaj Armand
22%
Armand D'Argencourt
17%
Olga Mendeleiev
17%

Rozkład punktacji

Percentyl według liczby udzielonych odpowiedzi

Procent ludzi z każdym wynikiem

Twoja historia wyników

Nie rozwiązałeś tego quizu